00000000nam 2200000zi 4500
0019.947286
003CaOODSP
00520250122164547
006m     o  d f      
007cr |n|||||||||
008250122s1954    onca    o    f000 0 fre d
040 |aCaOODSP|bfre|erda|cCaOODSP
043 |an-cn-qu
0861 |aA52-266/1954F-PDF
0861 |zA51-91F-PDF
1001 |aBordeleau, Richard, |d1902- |eauteur.
24510|aStation expérimentale fédérale, L'Assomption, Québec : |brapport courant 1947-1952 / |cR. Bordeleau.
264 1|aOttawa, Canada : |bMinistre de l'Agriculture, |c[1954]
300 |a1 ressource en ligne (51 pages) : |billustrations
336 |atexte|btxt|2rdacontent/fre
337 |ainformatique|bc|2rdamedia/fre
338 |aressource en ligne|bcr|2rdacarrier/fre
500 |aÉdition numérisée de l'imprimé [par Agriculture et Agroalimentaire Canada].
61010|aCanada. |bExperimental Farm (L'Assomption, Québec)
61015|aCanada. |bFerme expérimentale (L'Assomption, Québec)
650 6|aStations agronomiques|zQuébec (Province)|zL'Assomption.
650 0|aAgricultural experiment stations|zQuébec (Province)|zL'Assomption.
7101 |aCanada. |bService des fermes expérimentales, |eorganisme de publication.
7101 |aCanada. |bFerme expérimentale (L'Assomption, Québec), |eorganisme de publication.
85640|qPDF|s7.48 Mo|uhttps://publications.gc.ca/collections/collection_2024/aac-aafc/A51-91-1947-fra.pdf
986 |a10M—18081—2:54